000 00291nam a22001337a 4500
008 180306b xxu||||| |||| 00| 0 eng d
020 _a9780803612945
041 _aeng
080 _a610.73
100 _a1
101 _aINF
245 _aNursing care plans
_cDoenges,M.E
942 _2udc
_cBK
999 _c44211
_d44211